Datum a čas kvízu
32.5
Celkem bodů
Celkový počet nahraných bodů na tomto kvízu bez doplňovacích otázek.
4.
Pořadí na kvízu
Konečné umístění týmu na tomto kvízu.
Zaznamenané odpovědi
| # | Otázka | Odpověď | Body | Výsledky |
|---|---|---|---|---|
| 1. | Zubní lékařka Mariam Szyja z K... | prodávala na netu své erotické fotografie | 1 | |
| 2. | Hongkongské ministerstvo škols... | C) badmintonu | 0 | |
| 3. | Čeští tvůrci z Warhorse Studio... | Kingdom Come: Deliverance (II) | 1 | |
| 4. | Česká pošta oznámila, že od ří... | Balíkovna | 1 | |
| 5. | Fotbalisté Sparty Praha se po... | Lukáš Haraslín | 1 | |
| 6. | Téma začneme stavbou, které mn... | Václav Aulický | 0 | |
| 7. | Žebříčků hodnotících nejoškliv... | v Severní Koreji (KLDR) | 1 | |
| 8. | Pravděpodobně druhá největší a... | Palác Parlamentu (Palác lidu, Dům národů), Bukurešť | 0 | |
| 9. | I Slovensko má svého zástupce... | Martina Šimkovičová | 0 | |
| 10. | V této londýnské budově sídlí... | MI6 | 0 |